| 000 | 00847cab a2200253 4500 | ||
|---|---|---|---|
| 001 | WB3141-31 | ||
| 008 | 090401t1995 xxu||||| |||| 00| 0 eng d | ||
| 035 | _a(Sirsi) u15003 | ||
| 041 | _aeng | ||
| 245 | _aSave on the fuel bills | ||
| 260 | _c1995 | ||
| 350 | _a0 | ||
| 490 |
_aDaily Telegraph _vBusiness 28 October 1995, 9(2) |
||
| 520 | _aCalculates the benefit of various means of insulating a home: including loft insulation, foil behind radiators, draught proofing, double glazing, and insulating cavity walls. Diagram of a typical house, insulation projects, costs and fuel bill savings. | ||
| 650 | _aCAVITY WALL INSULATION | ||
| 650 | _aDOUBLE GLAZING | ||
| 650 | _aFUEL BILLS | ||
| 650 | _aLOFT INSULATION | ||
| 650 | _aPAYBACK | ||
| 650 | _aTHERMAL INSULATION | ||
| 690 | _aHOUSING | ||
| 942 | _n0 | ||
| 948 | _c04/03/1997 | ||
| 999 |
_c9797 _d9797 |
||